Bible Book by Japanese Name Quiz Stats

 Plays Quiz Updated Apr 29, 2019

     
Support Sporcle.
Go Orange.
Score 0/20 Timer 04:00
0 Plays Today
Japanese English % Correct
ダニエル - danieruDaniel
85.8%
サムエル - samueruSamuel
81.6%
マルコ - marukoMark
75.4%
マタイ - mataiMatthew
71.6%
ヘブライ - heburaiHebrews
70.1%
イザヤ - izayaIsaiah
69.6%
コリント - korintoCorinthians
68.9%
ヨハネ - yohaneJohn
65.1%
エレミヤ - eremiyaJeremiah
64.2%
ルツ - rutsuRuth
63.5%
Japanese English % Correct
ヨブ - yobuJob
59.9%
ルカ - rukaLuke
59.2%
フィレモン - firemonPhilemon
58.4%
ヨナ - yonaJonah
57.9%
エステル - esuteruEsther
57.6%
ユダ - yudaJude
56.4%
マラキ - marakiMalachi
56.1%
ヨエル - yoeruJoel
40.9%
コロサイ - korosaiColossians
34.2%
ヤコブ - yakobuJames
23.1%

From the Vault

Ducklings or Fried Plantains

by sproutcm

There is no joke. Do not fry ducklings.
Remove Ads.
Support Sporcle.
Get the best of Sporcle when you Go Orange. This ad-free experience offers more features, more stats, and more fun while also helping to support Sporcle. Thank you for becoming a member.

Show Comments

Extras

Top Quizzes Today


Score Distribution

Your Account Isn't Verified!

In order to create a playlist on Sporcle, you need to verify the email address you used during registration. Go to your Sporcle Settings to finish the process.

Report this User

Report this user for behavior that violates our Community Guidelines.

Details: